Lost modernities (Record no. 164776)
[ view plain ]
| 000 -LEADER | |
|---|---|
| fixed length control field | 01627nam a22004094a 4500 |
| 082 04 - DEWEY DECIMAL CLASSIFICATION NUMBER | |
| Classification number | 320.951 |
| 100 1# - MAIN ENTRY--AUTHOR NAME | |
| Personal name | Woodside, Alexander. |
| 245 10 - TITLE STATEMENT | |
| Title | Lost modernities |
| 260 ## - PUBLICATION, DISTRIBUTION, ETC. (IMPRINT) | |
| Place of publication | Cambridge, Mass. : |
| Name of publisher | Harvard University Press, |
| Year of publication | 2006. |
| 300 ## - PHYSICAL DESCRIPTION | |
| Number of Pages | 142 p. |
| 490 0# - SERIES STATEMENT | |
| Series statement | The Edwin O. Reischauer lectures |
| 500 ## - GENERAL NOTE | |
| General note | "The Edwin O. Reischauer lectures, 2001"--P. [i]. |
| 650 #0 - SUBJECT ADDED ENTRY--TOPICAL TERM | |
| Topical Term | Bureaucracy |
| Topical Term | Bureaucracy |
| Topical Term | Bureaucracy |
| 856 40 - ELECTRONIC LOCATION AND ACCESS | |
| Uniform Resource Identifier | http://site.ebrary.com/lib/rucke/Doc?id=10313880 |
No items available.
